000 00651nam a22001697a 4500
003 OSt
005 20171010095531.0
008 121005t xxu||||| |||| 00| 0 eng d
040 _aMMSU
_cULS
100 _aGacuan, Jay S. et al.
_913158
245 _aDetermination of the most appropriate slope protection structure along Quiaoit river based on geotechnical analysis and hydraulic study
_cJay S. Gacuan et al.
260 _c2008
300 _ax, [157] leaves
_c28 cm.
500 _aThesis (BS Civil Engineering) -- Mariano Marcos State University-College of Engineering, Batac City
504 _aBibliography: leaves [38-39]
942 _2ddc
_cTHEDIS
999 _c9819
_d9819